000 00328nam a22001457a 4500
003 SGT
020 _a9789388548526
082 _a345.06
_bKAN
100 _aKANNAN ,K
245 _aRATANLAL AND DHIRAJLAL THE LAW OF EVIDENCE
250 _a27
260 _aGURGAON
_bLEXIS NEXIS
_c2022
300 _aCIV , 776
942 _2ddc
_cBK
999 _c23029
_d23029